[Event "Ile et Vilaine-ch"]
[Site "Ile et Vilaine"]
[Date "2002.11.09"]
[Round "2"]
[White "Bourgoin, Jean Louis"]
[Black "Fournel, Didier"]
[Result "1-0"]
[WhiteElo "1530"]
[BlackElo "1480"]
[PlyCount "61"]
[EventDate "2002.10.19"]
[EventType "swiss"]
[EventRounds "7"]
[EventCountry "FRA"]
[SourceTitle "EXT 2008"]
[Source "ChessBase"]
[SourceDate "2007.11.25"]
[SourceVersion "1"]
[SourceVersionDate "2007.11.25"]
[SourceQuality "1"]

1. d4 d5 2. Nf3 Nf6 3. c4 e6 4. Nc3 c6 5. Bd2 Nbd7 6. e3 Bd6 7. a4 0-0 8. Bd3 e5 9. dxe5 Nxe5 10. Nxe5 Bxe5 11. cxd5 cxd5 12. Be2 d4 13. exd4 Bxd4 14. 0-0 a6 15. Bf3 Qb6 16. b4 Rd8 17. Rc1 Bxc3 18. Rxc3 Qxb4 19. Rxc8 Raxc8 20. Bxb4 Rxd1 21. Rxd1 h6 22. Be7 Rc4 23. h3 Ne4 24. Rd8+ Kh7 25. Bg4 Rxa4 26. Kf1 Nc3 27. Ke1 Re4+ 28. Kd2 Rxe7 29. Kxc3 Rc7+ 30. Kb4 Rc2 31. Bf5+ 1-0

[Event "Ile et Vilaine-chA 0001"]
[Site "Ile et Vilaine"]
[Date "2001.01.27"]
[Round "5"]
[White "Bourgoin, Jean Louis"]
[Black "Boudaud, Yves"]
[Result "0-1"]
[WhiteElo "1480"]
[BlackElo "1540"]
[PlyCount "101"]
[EventDate "2000.10.21"]
[EventType "swiss"]
[EventRounds "7"]
[EventCountry "FRA"]
[SourceTitle "EXT 2007"]
[Source "ChessBase"]
[SourceDate "2006.11.23"]
[SourceVersion "1"]
[SourceVersionDate "2006.11.23"]
[SourceQuality "1"]

1. d4 d5 2. c4 e6 3. Nc3 Nf6 4. Nf3 Be7 5. e3 0-0 6. Bd3 dxc4 7. Bxc4 c6 8. a4 Nbd7 9. e4 Bb4 10. e5 Nd5 11. Qc2 h6 12. h4 Qa5 13. Bd2 f6 14. Bd3 f5 15. g3 N7b6 16. Kf1 c5 17. Qc1 cxd4 18. Nxd4 Bxc3 19. bxc3 Nc7 20. Nf3 Qd5 21. Kg2 Qxd3 22. Bxh6 gxh6 23. Rd1 Qe4 24. Qxh6 Nd7 25. Rd4 Qc6 26. Qg6+ Kh8 27. Qh5+ Kg7 28. Kh2 Rh8 29. Qg5+ Kf7 30. Qf4 Nd5 31. Ng5+ Kg6 32. Qd2 Nxe5 33. Re1 Ng4+ 34. Kh3 Qxc3 35. Qxc3 Nxc3 36. Nxe6 Nxf2+ 37. Kg2 Nfe4 38. Nf4+ Kf7 39. Kf3 Be6 40. Rd3 Rac8 41. Nxe6 Kxe6 42. Kf4 Rc4 43. Kf3 Rg8 44. Kg2 Kf6 45. Rf1 Rxa4 46. Rdf3 Ra2+ 47. Kg1 Ne2+ 48. Kh1 N4xg3+ 49. Rxg3 Nxg3+ 50. Kg1 Nxf1+ 51. Kxf1 0-1